zpět

Detail výsledku týmu

Základna, Jihlava

Datum a čas kvízu

28 Celkem bodů Celkový počet nahraných bodů na tomto kvízu bez doplňovacích otázek.
1. Pořadí na kvízu Konečné umístění týmu na tomto kvízu.

Zaznamenané odpovědi

# Otázka Odpověď Body Výsledky
1. Minulý týden se konala velmi k... zadek 1
2. Sarah Mullally stanula minulý... o anglikánskou církev 0
3. Minulý pátek vyšlo již 12. stu... The Life of a Showgirl 0
4. Minulý týden bylo oznámeno, že... Electronic Arts (EA) 1
5. Ve kterém městě se odehrál UFC... v Las Vegas 1
6. Wikipedii s nejvyšší pravděpod... z havajštiny 0
7. Fanoušci kvízu občas jistě se... A 1
8. Dobrým zdrojem informací jsou... Michal Suchánek, Richard Genzer 0
9. Mnemotechnické pomůcky se hodí... struny na kytaře (pořadí strun/tónů) 0
10. Někdy však k úspěchu v kvízu s... 1D 2B 3A 4C 0